Riconosci la Squadra di calcio - Quiz n°30 - Statistics

Statistiche generali
  • Questo quiz è stato fatto 33 volte
  • Il punteggio medio è 9 su 10
Statistiche sulle risposte
Indizio Risposta % Corretto
Colori sociali Bianco, rosso
100%
Simboli Aiace Telamonio
96%
Divisione nazionale 2023-2024 Prima
92%
Confederazione UEFA
92%
Fondazione 1900
88%
Trofei nazionali 20 Coppe dei Bassi Bassi9 Johan Cruijff Schaal
88%
Titoli nazionali 36 Eredivisie
88%
Trofei internazionali 4 Coppe dei Campioni/Champions League 1 Coppe delle Coppe 1 Coppe UEFA/Europa League 2 Supercoppe UEFA 2 Coppe Intercontinentali
88%
Capienza Stadio 54 990 posti
88%
Squadra Ajax
88%
Nessun quiz corrispondente trovato
Distribuzione punteggi
Percentuale di utenti per punteggio
Percentile per numero di risposta
I tuoi punteggi nel tempo
Non hai fatto questo quiz